000 00869nam a22002537a 4500
999 _c22578
_d22578
003 AR-CdUCM
008 190513b ||||| |||| 00| 0 spa d
020 _a9786123165840
040 _aMUNICIPALIDAD PROVINCIAL DEL CUSCO
_cBIBLIOTECA MUNICIPAL DEL CUSCO
082 _aES/808.0683/C77
_bC77
100 _aCórdova, Isabel
_948557
245 _aTinko y Gabi, guardianes de la selva /
_cIsabel Córdova Rosas ; ilustraciones, Kike Riesco
260 _aLima :
_bEds. SM,
_c2020.
300 _a136, [5] páginas ;
_bilustraciones en color ;
_c19 cm.
500 _a"+ 9 años"--Cubierta.
650 _aCuentos infantiles peruanos
_93914
650 _aProtección ambiental
_922672
650 _aAmazonía peruana
_97545
650 _aCuentos
_948558
650 _aSiglo XX
_948559
700 _aRiesco, Kike
_eilustrador
_948560
942 _2ddc
_cLIBROS
945 _arac